Random Sudden Death Quiz / Mort Subite - Statistiques

Statistiques générales
  • Ce quiz a été pris 283 fois
  • Le résultat moyen est 8 sur 36
Answers on the Grid
Answers color-coded by a green-red scale on the quiz's grid according to % correct below.
?
?
?
?
?
?
?
?
?
?
?
?
?
?
?
?
?
?
?
?
?
?
?
?
?
?
?
?
?
?
?
?
?
?
?
?
?
?
?
?
 
Statistiques - réponses
Réponse % Correct
?
29%
?
28%
?
27%
?
26%
?
26%
?
26%
?
25%
?
25%
?
25%
?
25%
?
25%
?
25%
?
25%
?
25%
?
25%
?
25%
?
24%
?
24%
?
24%
?
24%
?
24%
?
22%
?
22%
?
22%
?
22%
?
21%
?
21%
?
21%
?
20%
?
20%
?
19%
?
19%
?
18%
?
17%
?
17%
?
16%
Aucun quiz correspondant
Distribution des résultats
% des personnes avec chaque résultat
Percentile par nombre de réponses
Votre historique - résultats
Vous n’avez pas pris ce quiz